Geografia na literę H - Statystyki

Ogólne statystyki
  • Ten quiz został rozwiązany 31 razy
  • Średni wynik to 12 z 22
Statystyki odpowiedzi
Wskazówka Odpowiedź % Poprawnych
Najwyższy łańcuch górski na Ziemi Himalaje
100%
Stolica Finlandii Helsinki
94%
Najczęściej używany język w Indiach Hindi
94%
Państwo w Ameryce Środkowej Honduras
90%
Stolica Kuby Hawana
87%
Najlepiej sprzedająca się marka piwa w Holandii Heineken
87%
Japońskie miasto, na które została zrzucona bomba atomowa w 1945 r. Hiroszima
84%
Największa wyspa Japonii Honsiu
81%
Miasto z największą liczbą drapaczy chmur Hongkong
74%
Miasto, w którym znajduje się Centrum Kontroli Misji NASA Houston
65%
Bostoński uniwersytet założony w 1636 r. Harvard
45%
Główny port lotniczy Londynu Londyn-{Heathrow}
42%
Meczet w Stambule, a niegdyś świątynia chrześcijańska Hagia Sophia
39%
Drugie największe jezioro spośród Wielkich Jezior w Ameryce Północnej Huron
39%
Rzymski wał obronny w północnej Brytanii Mur {Hadriana}
39%
Grupa etniczna stanowiąca ok. 80% powierzchni Rwandy Hutu
35%
Hiszpańska nazwa dla wyspy Haiti Hispaniola
32%
Stolica Wysp Salomona Honiara
29%
Wszystko to, co jest dozwolone w świetle z islamskim prawem (szariatem) Halal
16%
Największa wyspa Chin Hajnan
13%
Pielgrzymka do świątyni Al-Kaba w Mekce Hadżdż
6%
Dawny hotel i kasyno działające przy Las Vegas Strip w latach 1956-1996 Hacienda
0%
Nie znaleziono quizów pasujących do podanych kryteriów
Rozkład punktacji
Procent ludzi z każdym wynikiem
Percentyl według liczby udzielonych odpowiedzi
Twoja historia wyników
Nie rozwiązałeś tego quizu